000 00339 a2200145 4500
001 149784
040 _cEscola São Tomás de Aquino
100 _aROSA, Allan Santos
240 1 0 _aZagaia
_lpor
245 1 0 _aZagaia
300 _a47
440 1 _aDifusão Cultural do Livro
697 _aFolclore / Adivinhações / Lendas
942 _cBK
999 _c149784
_d149784